Squirrels : problem solving /
They may not be the most romantic characters in the animal kingdom, but squirrels are among the most athletic and agile of creatures. It seems that nothing we do can stop them getting to food on a bird table. Their problem-solving powers would be the envy of many corporate boardrooms. The key to the...
| Other Authors: | |
|---|---|
| Format: | Video |
| Language: | English |
| Language Notes: | This edition in English. |
| Published: |
London, England :
British Broadcasting Corporation,
2002.
|
| Series: | Global business and economics in video
Corporate animals ; 3 |
| Subjects: | |
| Online Access: | Connect to this streaming video (Alexander Street Press) |
MARC
| Tag | First Indicator | Second Indicator | Subfields |
|---|---|---|---|
| LEADER | 00000cgm a2200000Ma 4500 | ||
| 001 | in00005563721 | ||
| 006 | m o c | ||
| 007 | cr |na---||a|a | ||
| 007 | vz |zazu| | ||
| 008 | 140312s2002 enk005 g o vleng d | ||
| 005 | 20241201231517.2 | ||
| 035 | |a (OCoLC)ocn874048567 | ||
| 040 | |a ALSTP |b eng |e pn |c ALSTP |d OCLCO |d OCLCQ |d OCLCF |d OCLCQ |d OCLCO |d OCLCA |d OCLCQ |d WYU |d UHL |d OCLCQ |d OCLCO |d OCLCL | ||
| 019 | |a 1113393643 |a 1319451980 |a 1444019779 | ||
| 020 | |a 9781503424715 | ||
| 020 | |a 1503424715 | ||
| 035 | |a (OCoLC)874048567 |z (OCoLC)1113393643 |z (OCoLC)1319451980 |z (OCoLC)1444019779 | ||
| 049 | |a TXAM | ||
| 245 | 0 | 0 | |a Squirrels : |b problem solving / |c produced by Jerry Short. |
| 260 | |a London, England : |b British Broadcasting Corporation, |c 2002. | ||
| 300 | |a 1 online resource (5 min.). | ||
| 306 | |a 000448 | ||
| 336 | |a two-dimensional moving image |b tdi |2 rdacontent | ||
| 337 | |a computer |b c |2 rdamedia | ||
| 338 | |a online resource |b cr |2 rdacarrier | ||
| 344 | |a digital |2 rda | ||
| 347 | |a data file |2 rda | ||
| 380 | |a Videorecording | ||
| 490 | 0 | |a Global business and economics in video | |
| 490 | 0 | |a Corporate animals ; |v 3 | |
| 500 | |a Title from resource description page (viewed Mar. 12, 2014). | ||
| 520 | |a They may not be the most romantic characters in the animal kingdom, but squirrels are among the most athletic and agile of creatures. It seems that nothing we do can stop them getting to food on a bird table. Their problem-solving powers would be the envy of many corporate boardrooms. The key to their success is calculating risk, identifying resources and ruthless determination. | ||
| 546 | |a This edition in English. | ||
| 650 | 0 | |a Organizational effectiveness. | |
| 650 | 6 | |a Efficacité organisationnelle. | |
| 650 | 7 | |a Organizational effectiveness. |2 fast |0 (OCoLC)fst01047852 | |
| 655 | 7 | |a Educational films. |2 fast |0 (OCoLC)fst01726235 | |
| 655 | 7 | |a Educational films. |2 lcgft | |
| 655 | 7 | |a Films éducatifs. |2 rvmgf | |
| 700 | 1 | |a Short, Jerry. |4 pro | |
| 758 | |i has work: |a Squirrels-Problem Solving (MovingImage) |1 https://id.oclc.org/worldcat/entity/E39PD3x6Kdk438ppqfKWWkGVwd |4 https://id.oclc.org/worldcat/ontology/hasWork | ||
| 856 | 4 | 0 | |u http://proxy.library.tamu.edu/login?url=https://www.aspresolver.com/aspresolver.asp?AVN2;1796049 |z Connect to this streaming video (Alexander Street Press) |t 0 |
| 955 | |a Alexander Street Press subscription streaming video | ||
| 994 | |a 92 |b TXA | ||
| 999 | f | f | |s 8800f654-83c1-48e0-a3bc-a68efd456d45 |i a84bda24-35e2-4083-bb46-5a769aa727e0 |t 0 |
| 952 | f | f | |a Texas A&M University |b College Station |c Electronic Resources |d Available Online |t 0 |h Library of Congress classification |
| 998 | f | f | |t 0 |l Available Online |